Interactive Videotex : The domesticated computer

Kaydedildi:
Detaylı Bibliyografya
Yazar: Chorafas, Dimitris N.
Materyal Türü: Kitap
Dil:Undetermined
Baskı/Yayın Bilgisi: New York Petrocelli Books 1981
Konular:
Etiketler: Etiketle
Etiket eklenmemiş, İlk siz ekleyin!
Thư viện lưu trữ: Trung tâm Học liệu Trường Đại học Cần Thơ
LEADER 00519nam a2200193Ia 4500
001 CTU_97939
008 210402s9999 xx 000 0 und d
082 |a 384.648 
082 |b C551 
100 |a Chorafas, Dimitris N. 
245 0 |a Interactive Videotex : 
245 4 |b The domesticated computer 
245 0 |c Dimitris N. Chorafas 
260 |a New York 
260 |b Petrocelli Books 
260 |c 1981 
650 |a Videotex systems 
904 |i Năm 
980 |a Trung tâm Học liệu Trường Đại học Cần Thơ